Experimental Psychology (Record no. 16895)
[ view plain ]
| 000 -LEADER | |
|---|---|
| fixed length control field | 00273nam a22001097a 4500 |
| 008 - FIXED-LENGTH DATA ELEMENTS--GENERAL INFORMATION | |
| fixed length control field | 140110t xxu||||| |||| 00| 0 eng d |
| 020 ## - INTERNATIONAL STANDARD BOOK NUMBER | |
| International Standard Book Number | 978-81-239-1509-8 |
| 100 ## - MAIN ENTRY--PERSONAL NAME | |
| Personal name | Leo Postman |
| 9 (RLIN) | 633 |
| 245 ## - TITLE STATEMENT | |
| Title | Experimental Psychology |
| Remainder of title | an introduction |
| 300 ## - PHYSICAL DESCRIPTION | |
| Extent | 300 |
| 942 ## - ADDED ENTRY ELEMENTS (KOHA) | |
| Source of classification or shelving scheme | |
| Koha item type | Book |
| Withdrawn status | Lost status | Source of classification or shelving scheme | Damaged status | Not for loan | Collection code | Permanent Location | Current Location | Date acquired | Total Checkouts | Full call number | Barcode | Date last seen | Price effective from | Koha item type |
|---|---|---|---|---|---|---|---|---|---|---|---|---|---|---|
| Atta-ur-Rahman School of Applied Biosciences (ASAB) | Atta-ur-Rahman School of Applied Biosciences (ASAB) | 01/10/2014 | 150.72 Pos | ASAB141 | 01/10/2014 | 01/10/2014 | Book | |||||||
| Atta-ur-Rahman School of Applied Biosciences (ASAB) | Atta-ur-Rahman School of Applied Biosciences (ASAB) | 01/10/2014 | 150.72 Pos | ASAB140 | 01/13/2016 | 01/10/2014 | Book |
